[Event "chess.com SpeedChess Q2Sw"]
[Site "chess.com INT"]
[Date "2022.11.12"]
[Round "10"]
[White "Kamsky, Gata"]
[Black "Baskakov, Egor"]
[Result "0-1"]
[WhiteTitle "GM"]
[BlackTitle "CM"]
[WhiteElo "2666"]
[BlackElo "2215"]
[WhiteFideId "2000024"]
[BlackFideId "24197866"]
[EventDate "2022.11.12"]

1. e4 c5 2. Nc3 Nc6 3. Bc4 g6 4. d3 Bg7 5. Bg5 d6 6. f4 h6 7. Bh4 g5 8. Bg3 gxf4
9. Bxf4 e6 10. Nf3 Nge7 11. O-O d5 12. exd5 exd5 13. Bb3 O-O 14. Qd2 Kh7 15.
Rae1 Be6 16. Qf2 Ng6 17. Bd2 Nd4 18. Kh1 Nxf3 19. Qxf3 c4 20. Ba4 a6 21. dxc4
dxc4 22. Ne4 b5 23. Bc3 f5 24. Bxg7 fxe4 25. Qc3 Rxf1+ 26. Rxf1 bxa4 27. Bd4 Qd5
28. Qe3 Rf8 29. Rg1 Rf4 30. Bc3 Qh5 31. Qd4 Rf7 32. Qxe4 Qf5 33. Qd4 Qxc2 34.
Qd6 Qe4 35. Qxa6 Bd5 36. Qb6 h5 37. h3 h4 38. Qd6 Qf5 39. Kh2 Qf4+ 40. Qxf4 Rxf4
41. Rd1 Ne7 42. Bb4 Rf2 43. Bxe7 Rxg2+ 44. Kh1 Rd2+ 45. Kg1 Rxd1+ 0-1

[Event "chess.com SpeedChess Q2Sw"]
[Site "chess.com INT"]
[Date "2022.11.12"]
[Round "10"]
[White "Sevian, Samuel"]
[Black "Ivic, Velimir"]
[Result "1-0"]
[WhiteTitle "GM"]
[BlackTitle "GM"]
[WhiteElo "2687"]
[BlackElo "2560"]
[WhiteFideId "2040506"]
[BlackFideId "950122"]
[EventDate "2022.11.12"]

1. d4 Nf6 2. Bf4 g6 3. Nc3 d5 4. Qd2 Bg7 5. Nf3 O-O 6. Bh6 c5 7. Bxg7 Kxg7 8.
dxc5 Nc6 9. Rd1 Qa5 10. Nxd5 Qxa2 11. Nxf6 exf6 12. Qc3 b5 13. cxb6 Bb7 14. e3
Rfc8 15. Bc4 Qa4 16. Rd7 Nd8 17. Rd4 axb6 18. O-O Bxf3 19. gxf3 Qc6 20. Qd2 Ra5
21. f4 Ne6 22. Bxe6 Qxe6 23. f3 Ra2 24. c3 Rc5 25. Kh1 Qh3 26. Kg1 Rb5 27. Rb4
Rxb4 28. cxb4 b5 29. Qc3 Ra8 30. e4 Rd8 31. Qe3 Qd7 32. Kg2 Qd2+ 33. Qxd2 Rxd2+
34. Rf2 Rd4 35. Kg3 Rxb4 36. h4 Kf8 37. Rc2 Rb3 38. h5 Kg7 39. Kg4 Rb4 40. f5
gxf5+ 41. Kxf5 Rb3 42. f4 Rf3 43. b4 Kh6 44. Rc6 Kxh5 45. Rxf6 1-0

[Event "chess.com SpeedChess Q2Sw"]
[Site "chess.com INT"]
[Date "2022.11.12"]
[Round "10"]
[White "Lewtak, Damian"]
[Black "Kopylov, Alexander A."]
[Result "1-0"]
[WhiteTitle "IM"]
[BlackTitle "IM"]
[WhiteElo "2385"]
[BlackElo "2397"]
[WhiteFideId "1141724"]
[BlackFideId "4164857"]
[EventDate "2022.11.12"]

1. e4 c6 2. Nf3 g6 3. d3 Bg7 4. g3 e5 5. Bg2 Qc7 6. O-O Nf6 7. Re1 O-O 8. a4 a5
9. Nbd2 d6 10. Nc4 Be6 11. b3 Na6 12. Bb2 h6 13. Qe2 Rfe8 14. d4 exd4 15. Nxd4
Bg4 16. Qd2 Nb4 17. Bc3 h5 18. h3 Bd7 19. Bxb4 axb4 20. Qf4 Re5 21. Rad1 g5 22.
Qc1 Rc5 23. Qd2 d5 24. exd5 cxd5 25. Ne5 g4 26. hxg4 Nxg4 27. Nxd7 Qxd7 28. Qxb4
Rac8 29. c4 h4 30. Bxd5 hxg3 31. fxg3 Rxd5 32. cxd5 Ne5 33. Rxe5 Bxe5 34. Nf3
Bd6 35. Qh4 Qf5 36. Qg5+ Qxg5 37. Nxg5 Rc3 38. Ne4 Rxb3 39. Nxd6 Rxg3+ 40. Kf2
Rb3 41. Nf5 Kf8 42. d6 Ke8 43. d7+ Kd8 44. Nh6 1-0

[Event "chess.com SpeedChess Q2Sw"]
[Site "chess.com INT"]
[Date "2022.11.12"]
[Round "10"]
[White "Nenezic, Marko"]
[Black "Han, Yichen"]
[Result "1-0"]
[WhiteTitle "IM"]
[BlackTitle "FM"]
[WhiteElo "2510"]
[BlackElo "2423"]
[WhiteFideId "912123"]
[BlackFideId "1054430"]
[EventDate "2022.11.12"]

1. d4 Nf6 2. c4 e6 3. Nc3 d5 4. Nf3 a6 5. c5 b6 6. cxb6 c5 7. Na4 cxd4 8. Nxd4
Bb7 9. Bf4 Bb4+ 10. Bd2 Bd6 11. e3 Nbd7 12. Qb3 O-O 13. Be2 Nc5 14. Nxc5 Bxc5
15. Ba5 e5 16. Nf3 d4 17. exd4 exd4 18. O-O Bd5 19. Bc4 Bxf3 20. Qxf3 Bxb6 21.
Bb4 Re8 22. Rfe1 Qc7 23. Rxe8+ Rxe8 24. Bxa6 Qc2 25. Re1 Qxb2 26. Rxe8+ Nxe8 27.
a3 Qc1+ 28. Bf1 Qc8 29. g3 Nf6 30. a4 Qd8 31. Bc4 h5 32. h3 Ba5 33. Ba3 Qb8 34.
Kg2 Kh7 35. Qd3+ Kg8 36. Qxd4 Qb7+ 37. Kh2 Bb6 38. Qb2 Qa7 39. Kg2 Qxa4 40. Be2
Qc6+ 41. Bf3 Qc7 42. Qb5 Ba7 43. Bb2 Qb6 44. Qe2 Qe6 45. Qc2 Qb6 46. Be5 1-0

[Event "chess.com SpeedChess Q2Sw"]
[Site "chess.com INT"]
[Date "2022.11.12"]
[Round "10"]
[White "Omariev, Maksim"]
[Black "Dehtiarov, Roman"]
[Result "1-0"]
[WhiteTitle "FM"]
[BlackTitle "FM"]
[WhiteElo "2304"]
[BlackElo "2300"]
[WhiteFideId "4193423"]
[BlackFideId "14186640"]
[EventDate "2022.11.12"]

1. g4 d5 2. Bg2 c6 3. h3 g6 4. d4 Bg7 5. Nf3 Nf6 6. c3 O-O 7. Bf4 h5 8. Nbd2 Na6
9. Ne5 Nc7 10. Ndf3 Ne6 11. Be3 Qb6 12. Qc2 Qc7 13. O-O-O b5 14. Nxg6 fxg6 15.
Qxg6 Ne4 16. Ne5 Nf4 17. Bxf4 Rxf4 18. gxh5 Qd6 19. Bxe4 dxe4 20. Qg3 Qh6 21. e3
Rf8 22. Rdg1 Bf5 23. Rg2 Kh8 24. Rhg1 Rg8 25. Nf7+ Kh7 26. Nxh6 Bxh6 27. Qe5 e6
28. Rxg8 Rxg8 29. Rxg8 Kxg8 30. Qc7 Bxh3 31. Qc8+ Kg7 32. Qxc6 Bf5 33. Qxb5 Bg5
34. Qd7+ Kh6 35. Qe8 Bh4 36. c4 Bxf2 37. Kd2 Bg3 38. c5 Bc7 39. c6 Ba5+ 40. Kc2
Kg5 41. Qh8 1-0

[Event "chess.com SpeedChess Q2Sw"]
[Site "chess.com INT"]
[Date "2022.11.12"]
[Round "10"]
[White "Kollars, Dmitrij"]
[Black "Duda, Jan-Krzysztof"]
[Result "0-1"]
[WhiteTitle "GM"]
[BlackTitle "GM"]
[WhiteElo "2611"]
[BlackElo "2731"]
[WhiteFideId "12909572"]
[BlackFideId "1170546"]
[EventDate "2022.11.12"]

1. e4 e5 2. Nf3 Nc6 3. Bc4 Bc5 4. c3 Nf6 5. d4 exd4 6. e5 d5 7. Bb5 Ne4 8. cxd4
Bb6 9. Nc3 O-O 10. Be3 Bg4 11. h3 Bh5 12. Qc2 Bg6 13. Qb3 Nxc3 14. bxc3 f6 15.
exf6 Na5 16. Qd1 c6 17. Bd3 Qxf6 18. Ne5 Bxd3 19. Qxd3 Bc7 20. f4 Qh4+ 21. Ke2
Qg3 22. Rhg1 g5 23. Raf1 gxf4 24. Rf3 Qg5 25. h4 Qh6 26. Bc1 Rae8 27. Kd1 Bxe5
28. dxe5 Nc4 29. Qd4 Re6 30. Bxf4 Qxh4 31. Kc1 Qe7 32. Rgf1 Qa3+ 33. Kd1 Qa4+
34. Ke1 Qc2 35. R1f2 Qb1+ 36. Ke2 Qxa2+ 37. Kf1 Qb1+ 38. Ke2 Qe4+ 39. Kf1 Qxd4
40. cxd4 a5 41. Rg3+ Rg6 42. Rgf3 a4 43. Bc1 Rxf3 44. gxf3 a3 45. f4 Rg3 46. f5
Ne3+ 47. Bxe3 Rxe3 48. f6 b5 0-1

[Event "chess.com SpeedChess Q2Sw"]
[Site "chess.com INT"]
[Date "2022.11.12"]
[Round "10"]
[White "Zhu, Jiner"]
[Black "Zemlyanskii, Ivan"]
[Result "1-0"]
[WhiteTitle "WGM"]
[BlackTitle "FM"]
[WhiteElo "2486"]
[BlackElo "2237"]
[WhiteFideId "8608059"]
[BlackFideId "24249971"]
[EventDate "2022.11.12"]

1. e4 c5 2. Nf3 d6 3. c3 Nf6 4. h3 g6 5. Bd3 Bg7 6. Bc2 e5 7. O-O O-O 8. d4 exd4
9. cxd4 cxd4 10. Nxd4 d5 11. e5 Ne4 12. f4 Nd7 13. Be3 Ndc5 14. Nd2 f6 15. Nxe4
Nxe4 16. e6 f5 17. Bb3 Re8 18. Rc1 Kh8 19. Re1 Bxe6 20. Nxe6 Rxe6 21. Qxd5 Qxd5
22. Bxd5 Re7 23. Bc5 Rc7 24. Bxe4 fxe4 25. Be3 Rd7 26. Red1 Rd3 27. Rxd3 exd3
28. b3 a5 29. Rd1 Rd8 30. Kf2 Bc3 31. Kf3 Bb4 32. Bd2 Kg7 33. Bxb4 axb4 34. Ke3
Ra8 35. Rd2 Rc8 36. Rxd3 Rc2 37. Rd2 Rc3+ 38. Ke4 Kf6 39. Rd6+ Ke7 40. Rb6 Rc2
41. Rxb7+ Kd6 42. Rxb4 Rxa2 43. Kf3 h5 44. Rb6+ Kc5 45. Rxg6 Ra3 46. Rg5+ Kd4
47. Rxh5 Rxb3+ 48. Kg4 Ke4 49. Re5+ Kd4 50. Re8 Rb7 51. g3 Rg7+ 52. Kf3 Rc7 53.
h4 Rc3+ 54. Kg4 Rc7 55. h5 Rg7+ 56. Kh4 1-0

[Event "chess.com SpeedChess Q2Sw"]
[Site "chess.com INT"]
[Date "2022.11.12"]
[Round "10"]
[White "Chernov, Mikhail"]
[Black "Larina, Maria"]
[Result "1-0"]
[WhiteTitle "FM"]
[BlackTitle "WFM"]
[WhiteElo "2213"]
[BlackElo "1948"]
[WhiteFideId "24143170"]
[BlackFideId "24113182"]
[EventDate "2022.11.12"]

1. e4 c6 2. d4 d5 3. e5 c5 4. dxc5 Nc6 5. Nf3 Bg4 6. c3 Bxf3 7. Qxf3 Nxe5 8.
Bb5+ Nc6 9. O-O e6 10. Be3 Nf6 11. Rd1 Qa5 12. a4 Be7 13. b4 Qc7 14. Nd2 O-O 15.
a5 a6 16. Ba4 e5 17. Qg3 Rac8 18. Bb3 Rfd8 19. Qh3 d4 20. Bg5 dxc3 21. Qxc3 Rxd2
22. Bxf7+ Kxf7 23. Rxd2 Nd4 24. Re1 Kg8 25. Qg3 Nc6 26. h4 Rd8 27. Rde2 Nxb4 28.
Rxe5 Nbd5 29. h5 Qd7 30. h6 g6 31. Rxe7 Nxe7 32. Bxf6 Nf5 33. Qg5 Rf8 34. Bb2
Qf7 35. Qc1 Nh4 36. Qc2 Nf5 37. Qc3 Ng7 38. hxg7 Qxg7 39. Qxg7# 1-0

[Event "chess.com SpeedChess Q2Sw"]
[Site "chess.com INT"]
[Date "2022.11.12"]
[Round "10"]
[White "Balaji, Aaravamudhan"]
[Black "Harsha, Bharathakoti"]
[Result "0-1"]
[WhiteTitle "CM"]
[BlackTitle "GM"]
[WhiteElo "2353"]
[BlackElo "2582"]
[WhiteFideId "436224"]
[BlackFideId "5078776"]
[EventDate "2022.11.12"]

1. Nf3 Nf6 2. g3 b6 3. Bg2 Bb7 4. O-O g6 5. d3 Bg7 6. e4 O-O 7. Nbd2 d6 8. c3 c5
9. a4 Nc6 10. Re1 Nd7 11. Nc4 a6 12. Qb3 Rb8 13. h4 Ba8 14. h5 b5 15. axb5 axb5
16. Ne3 b4 17. Qc2 Nde5 18. Nxe5 Nxe5 19. d4 cxd4 20. cxd4 Nc6 21. Rxa8 Rxa8 22.
Qxc6 Bxd4 23. h6 Rc8 24. Qb5 Rb8 25. Qd3 Bh8 26. Re2 Qd7 27. Rc2 Rfc8 28. Bd2
Rxc2 29. Nxc2 b3 30. Nd4 Qa4 31. Bc3 Qa1+ 32. Kh2 Qc1 33. Nc6 Qxh6+ 34. Bh3 Re8
35. Kg2 Bxc3 36. Qxc3 e6 37. Qxb3 Qd2 38. Bg4 h5 39. Bf3 Kg7 40. Qb7 h4 41. gxh4
Rh8 42. h5 gxh5 43. Qd7 Rh6 44. Kf1 Rf6 45. Be2 Qc1+ 46. Kg2 Rg6+ 47. Kf3 Rf6+
48. Kg2 Qg5+ 49. Kf1 Qe3 50. f3 Rg6 0-1

[Event "chess.com SpeedChess Q2Sw"]
[Site "chess.com INT"]
[Date "2022.11.12"]
[Round "10"]
[White "Daggupati, Balaji"]
[Black "Manukyan, Sargis A."]
[Result "1-0"]
[WhiteTitle "GM"]
[BlackTitle "FM"]
[WhiteElo "2507"]
[BlackElo "2163"]
[WhiteFideId "2090759"]
[BlackFideId "13303970"]
[EventDate "2022.11.12"]

1. e4 c5 2. Nf3 d6 3. d4 cxd4 4. Nxd4 Nf6 5. Nc3 g6 6. Be3 Bg7 7. f3 O-O 8. Qd2
Nc6 9. O-O-O d5 10. Qe1 e5 11. Nxc6 bxc6 12. exd5 Nxd5 13. Bc4 Be6 14. Ne4 h6
15. Kb1 Qc7 16. Bc5 Rfd8 17. Bb3 f5 18. Nf2 Kh7 19. h4 a5 20. a4 Qf7 21. h5 g5
22. Nd3 Qf6 23. Nxe5 Nf4 24. Bd4 Bxb3 25. cxb3 Rxd4 26. Rxd4 Qxe5 27. Qxe5 Bxe5
28. Rd7+ Kg8 29. Re1 Bf6 30. g4 fxg4 31. fxg4 Nd5 32. Re6 Bg7 33. Rg6 Nf6 34.
Rdxg7+ Kh8 35. Re7 Nxg4 36. Re4 Nf2 37. Rxh6+ Kg7 38. Rg6+ Kh7 39. Re7+ Kh8 40.
h6 Ng4 41. Rgg7 Nf6 42. Rxg5 Nd5 43. Rf7 Re8 44. Rgg7 Re1+ 45. Kc2 Re2+ 46. Kd3
Rg2 47. Rxg2 c5 48. Rgg7 c4+ 49. Kd4 Nf6 50. Rxf6 cxb3 51. Rf8# 1-0

[Event "chess.com SpeedChess Q2Sw"]
[Site "chess.com INT"]
[Date "2022.11.12"]
[Round "10"]
[White "Samadov, Read"]
[Black "Bluebaum, Matthias"]
[Result "0-1"]
[WhiteTitle "FM"]
[BlackTitle "GM"]
[WhiteElo "2450"]
[BlackElo "2651"]
[WhiteFideId "13417444"]
[BlackFideId "24651516"]
[EventDate "2022.11.12"]

1. d4 Nf6 2. c4 e6 3. Nf3 d5 4. g3 Be7 5. Bg2 O-O 6. O-O c6 7. Nc3 a5 8. b3 b6
9. Ne5 Nfd7 10. Nxd7 Nxd7 11. e4 dxc4 12. bxc4 Ba6 13. Qb3 e5 14. Rd1 exd4 15.
Rxd4 Qe8 16. Rd1 Bc5 17. Na4 Qe6 18. Nxc5 bxc5 19. Bf4 Ne5 20. Qa3 Bxc4 21. Bxe5
Qxe5 22. Rac1 Bb5 23. Rxc5 Qe6 24. Qb2 Rfd8 25. Rcc1 h6 26. h4 a4 27. a3 Qb3 28.
Qa1 Be2 29. Re1 Rd2 30. Rxc6 Rad8 31. Qc3 Qa2 32. Rc8 Rxc8 33. Qxc8+ Kh7 34.
Qf5+ g6 35. Qf6 Bc4 36. h5 Qxa3 37. hxg6+ fxg6 38. e5 Rd7 39. e6 Qe7 40. Qc3 Rc7
41. Qe5 Ra7 42. Be4 a3 43. Qd4 Bxe6 44. Qe5 a2 45. Qd4 Qg7 46. Qe3 a1=Q 0-1

[Event "chess.com SpeedChess Q2Sw"]
[Site "chess.com INT"]
[Date "2022.11.12"]
[Round "10"]
[White "Svane, Rasmus"]
[Black "Naroditsky, Daniel"]
[Result "0-1"]
[WhiteTitle "GM"]
[BlackTitle "GM"]
[WhiteElo "2619"]
[BlackElo "2617"]
[WhiteFideId "4657101"]
[BlackFideId "2026961"]
[EventDate "2022.11.12"]

1. Nf3 Nf6 2. g3 g6 3. Bg2 Bg7 4. O-O O-O 5. d4 d6 6. Re1 Nbd7 7. e4 e5 8. Nc3
c6 9. a4 a5 10. h3 Re8 11. Be3 exd4 12. Bxd4 Qc7 13. Nd2 b6 14. Nc4 Ba6 15. Bxf6
Bxf6 16. Qxd6 Qxd6 17. Nxd6 Re6 18. e5 Nxe5 19. Rad1 Rd8 20. Nde4 Be7 21. Rxd8+
Bxd8 22. Rd1 Be7 23. Bf1 Bxf1 24. Kxf1 f5 25. Nd2 Bb4 26. f4 Bxc3 27. bxc3 Nd7
28. Nc4 Nc5 29. Nxb6 Re3 30. Rd6 Ne4 31. Rxc6 Rxg3 32. Nd5 Rxh3 33. Rc7 Rh2 34.
Ra7 Rxc2 35. Rxa5 Kf7 36. Ra6 h5 37. a5 h4 38. Ra7+ Ke6 39. Ne3 Rxc3 40. Ke2 Ra3
41. Rh7 Rxa5 42. Rxh4 Ra2+ 43. Ke1 Nf6 44. Rh8 Nh5 45. Re8+ Kf7 46. Re5 Nxf4 47.
Kf1 Ra1+ 0-1

[Event "chess.com SpeedChess Q2Sw"]
[Site "chess.com INT"]
[Date "2022.11.12"]
[Round "10"]
[White "Dudzinski, Pawel"]
[Black "Musovic, Armin"]
[Result "0-1"]
[WhiteTitle "FM"]
[BlackTitle "FM"]
[WhiteElo "2186"]
[BlackElo "2276"]
[WhiteFideId "1117890"]
[BlackFideId "939935"]
[EventDate "2022.11.12"]

1. e4 c6 2. d4 d5 3. exd5 cxd5 4. Bd3 Nc6 5. c3 Qc7 6. h3 e5 7. dxe5 Nxe5 8. Nf3
Nxd3+ 9. Qxd3 Nf6 10. Bg5 Be6 11. O-O Ne4 12. Qb5+ Qc6 13. Qd3 Bc5 14. Be3 O-O
15. Bxc5 Qxc5 16. Nd4 Bd7 17. Nd2 Rae8 18. N4b3 Qc6 19. Rad1 Bf5 20. Nd4 Qg6 21.
Nxf5 Qxf5 22. f3 Ng3 23. Qxf5 Nxf5 24. Rfe1 h5 25. Nb3 h4 26. Kf2 Ng3 27. Nc5 b6
28. Nd7 Rxe1 29. Rxe1 Rd8 30. Ne5 d4 31. Nc6 Rd6 32. Nxd4 g6 33. Re8+ Kg7 34.
Re7 a6 35. Ra7 b5 36. a3 Rf6 37. Nb3 Ne4+ 38. Ke3 Nd6 39. Nc5 Nc4+ 40. Kd4 Rd6+
41. Ke4 Rd2 42. Nxa6 Re2+ 43. Kd3 Rxg2 44. Nc7 Nxb2+ 45. Ke4 Re2+ 46. Kf4 Nd3+
47. Kg4 Kh6 48. Nxb5 f5+ 49. Kxh4 Rg2 50. Ra6 Ne1 51. Nd4 Kg7 0-1

[Event "chess.com SpeedChess Q2Sw"]
[Site "chess.com INT"]
[Date "2022.11.12"]
[Round "10"]
[White "Gubajdullin, Alexei"]
[Black "Aditya, Mittal"]
[Result "1-0"]
[WhiteTitle "FM"]
[BlackTitle "IM"]
[WhiteElo "2300"]
[BlackElo "2486"]
[WhiteFideId "4141202"]
[BlackFideId "35042025"]
[EventDate "2022.11.12"]

1. d4 Nf6 2. Nf3 d5 3. Bf4 c5 4. e3 Nc6 5. Nbd2 Bg4 6. c3 e6 7. Qb3 Qc8 8. Ne5
Nxe5 9. dxe5 Nd7 10. c4 d4 11. Ne4 Qc6 12. f3 Bf5 13. Nf2 h6 14. e4 Bh7 15. Be2
Be7 16. O-O Bg5 17. Bg3 Be3 18. Kh1 g5 19. Nd3 h5 20. h3 g4 21. Bh2 Rg8 22. a4
O-O-O 23. Qb5 Qc7 24. a5 a6 25. Qa4 g3 26. Bg1 Nxe5 27. b4 Nxd3 28. Bxd3 f5 29.
bxc5 Qxc5 30. Rab1 fxe4 31. fxe4 Rgf8 32. Qb3 Qc6 33. c5 Bxe4 34. Bxe4 Qxe4 35.
Qb6 Qc6 36. Qa7 Bxg1 37. Rxf8 Rxf8 38. Qa8+ Kc7 39. Qxf8 Be3 40. Qe7+ Kc8 41.
Rb6 Qd7 42. Rxe6 Qxe7 43. Rxe7 Bf2 44. Re6 d3 45. Rd6 Bxc5 46. Rxd3 h4 47. Rc3
b6 48. axb6 Kb7 49. Rxc5 1-0

[Event "chess.com SpeedChess Q2Sw"]
[Site "chess.com INT"]
[Date "2022.11.12"]
[Round "10"]
[White "Sattarov, Bobir"]
[Black "Kazakov, Mikhail"]
[Result "0-1"]
[BlackTitle "GM"]
[WhiteElo "2433"]
[BlackElo "2513"]
[WhiteFideId "14203081"]
[BlackFideId "14102749"]
[EventDate "2022.11.12"]

1. e4 c5 2. Nc3 Nc6 3. Nge2 e5 4. Nd5 d6 5. Nec3 Nf6 6. Bc4 Be7 7. O-O O-O 8. d3
Na5 9. Nxf6+ Bxf6 10. Bd5 Be6 11. f4 exf4 12. Bxf4 Nc6 13. Qd2 Be5 14. Bxe5 Nxe5
15. Bxb7 Rb8 16. Bd5 Rxb2 17. Bb3 Qa5 18. Qe1 Rb8 19. Kh1 Qb4 20. Nd1 Qxe1 21.
Rxe1 Bxb3 22. Nxb2 Bxc2 23. Nc4 Bxd3 24. Nxd6 c4 25. Rac1 f6 26. Nf5 Rb2 27. a4
a5 28. Ne7+ Kf7 29. Nd5 h5 30. Nc3 h4 31. h3 Ng6 32. Re3 Nf4 33. Rg1 Ke6 34. Rf3
g5 35. Nd5 Ke5 36. Nxf4 gxf4 37. Re1 Bxe4 38. Rc3 Kd4 39. Rxc4+ Kxc4 40. Rxe4+
Kb3 41. Rxf4 Ra2 42. Rxh4 Rd2 43. Rf4 Rd6 44. h4 Kc3 45. Kh2 Kd3 46. Kh3 Ke3 47.
g3 Rb6 48. h5 Rb4 49. Rh4 Rb8 50. h6 Rh8 51. h7 f5 0-1

[Event "chess.com SpeedChess Q2Sw"]
[Site "chess.com INT"]
[Date "2022.11.12"]
[Round "10"]
[White "Selkirk, Rebecca"]
[Black "Aumann, Welf"]
[Result "0-1"]
[WhiteTitle "WCM"]
[BlackTitle "FM"]
[WhiteElo "1674"]
[BlackElo "2316"]
[WhiteFideId "14306514"]
[BlackFideId "4634071"]
[EventDate "2022.11.12"]

1. e4 e6 2. d4 d5 3. e5 c5 4. c3 Nc6 5. Nf3 Bd7 6. Bd3 Rc8 7. O-O cxd4 8. cxd4
Nb4 9. Nc3 Nxd3 10. Qxd3 Ne7 11. Bg5 h6 12. Bh4 Qb6 13. Bxe7 Bxe7 14. Rab1 O-O
15. h3 a5 16. a3 a4 17. Rfd1 Rc4 18. Nd2 Rxd4 19. Qg3 Bh4 20. Qf3 f6 21. Ne2
fxe5 22. Qh5 Bxf2+ 23. Kh1 Rh4 24. Qxe5 Bc5 25. Rf1 Re4 26. Qh5 Re3 27. Rxf8+
Bxf8 28. Nf4 Qd4 29. Ng6 Qxd2 30. Nxf8 Kxf8 31. Rf1+ Kg8 32. Qf7+ Kh7 33. Qxd7
Re1 34. Rxe1 Qxe1+ 35. Kh2 Qe5+ 36. Kh1 d4 37. Qxb7 Qe1+ 38. Kh2 Qe5+ 39. Kh1 d3
40. Qf3 Qe1+ 41. Kh2 d2 42. Qd3+ Kg8 43. Qd8+ Kf7 44. Qd7+ Kf6 45. Qd8+ Kf5 46.
g4+ Ke4 47. Qa8+ Kd3 48. Qf3+ Kc2 49. Qc3+ Kb1 50. Qd3+ Ka1 0-1

[Event "chess.com SpeedChess Q2Sw"]
[Site "chess.com INT"]
[Date "2022.11.12"]
[Round "10"]
[White "Zhigalko, Sergei"]
[Black "Yanchenko, Roman"]
[Result "1/2-1/2"]
[WhiteTitle "GM"]
[BlackTitle "FM"]
[WhiteElo "2572"]
[BlackElo "2467"]
[WhiteFideId "13502956"]
[BlackFideId "4137329"]
[EventDate "2022.11.12"]

1. e4 e6 2. d4 d5 3. e5 c5 4. c3 Qb6 5. Nf3 Bd7 6. Be2 Bb5 7. Bxb5+ Qxb5 8. a4
Qd7 9. O-O Nc6 10. dxc5 Bxc5 11. Nbd2 a5 12. Nb3 Ba7 13. Re1 Nge7 14. Be3 Bxe3
15. Rxe3 Qc7 16. Nbd4 Nxd4 17. Nxd4 O-O 18. Qh5 g6 19. Qh6 Nf5 20. Nxf5 exf5 21.
Rd1 Rad8 22. Rd4 f6 23. exf6 Rxf6 24. h4 Qf7 25. Qf4 Re6 26. h5 Rde8 27. Rg3
Re1+ 28. Kh2 R1e4 29. Qh6 Qg7 30. Qxg7+ Kxg7 31. Rxd5 Rh4+ 32. Rh3 Rxh3+ 33.
Kxh3 Re2 34. Rd7+ Kh6 35. hxg6 hxg6 36. Rxb7 Rxf2 37. Kg3 Rd2 38. Rb5 Kg5 39.
Kf3 Rc2 40. g4 Rh2 41. gxf5 gxf5 42. Rb8 Rh3+ 43. Ke2 Kf4 44. Rb7 Ke4 45. Re7+
Kf4 46. Rb7 Ke4 47. Re7+ Kf4 48. Ra7 Rh2+ 49. Kd3 Rxb2 50. Rxa5 Ra2 51. Ra8 Kg3
52. a5 f4 53. a6 f3 54. a7 f2 55. Rg8+ Kh2 56. Rf8 Kg2 57. Rg8+ Kh2 58. Rf8 Kg1
59. Rg8+ Kh1 60. Rf8 Kg2 61. Rg8+ Kh2 1/2-1/2

[Event "chess.com SpeedChess Q2Sw"]
[Site "chess.com INT"]
[Date "2022.11.12"]
[Round "10"]
[White "Durarbayli, Vasif"]
[Black "Oparin, Grigoriy"]
[Result "1-0"]
[WhiteTitle "GM"]
[BlackTitle "GM"]
[WhiteElo "2612"]
[BlackElo "2683"]
[WhiteFideId "13402935"]
[BlackFideId "24125890"]
[EventDate "2022.11.12"]

1. e4 e5 2. Nf3 Nc6 3. Bb5 a6 4. Ba4 Nf6 5. O-O Nxe4 6. d4 b5 7. Bb3 d5 8. dxe5
Be6 9. c3 Be7 10. Re1 O-O 11. Nd4 Nxd4 12. cxd4 f5 13. exf6 Rxf6 14. f3 Bb4 15.
fxe4 Bxe1 16. Qxe1 dxe4 17. Be3 Bxb3 18. axb3 Qd5 19. b4 Raf8 20. Nc3 Qb3 21.
Qd2 Qxb4 22. Nd5 Qd6 23. Nxf6+ Qxf6 24. h3 Qe6 25. Qc2 Rf7 26. Rf1 Rxf1+ 27.
Kxf1 c6 28. Ke2 a5 29. b3 h6 30. Bf4 Qg6 31. Ke3 Qe6 32. Be5 Qd5 33. Qd1 Qe6 34.
h4 Qf7 35. h5 Qe6 36. Qc2 Qd5 37. g4 Qe6 38. Kf4 Qf7+ 39. Kxe4 Qf1 40. Qd3 Qg2+
41. Qf3 Qc2+ 42. Kf4 a4 43. bxa4 bxa4 44. d5 Qc4+ 45. Qe4 Qf1+ 46. Kg3 Qg1+ 47.
Kh3 Qf1+ 48. Kh4 Qf2+ 49. Bg3 Qf6+ 50. Kh3 Qf1+ 51. Kh2 cxd5 52. Qxd5+ Kh8 53.
Qa8+ Kh7 54. Qe4+ Kh8 55. Qa8+ Kh7 56. Qxa4 Qe2+ 57. Kg1 Qe3+ 58. Kg2 Qe2+ 59.
Bf2 Qd3 60. Qf4 Qd5+ 61. Qf3 Qd6 62. Qf5+ Kh8 63. Be3 Qc6+ 64. Qf3 Qc8 65. Qe4
Qb8 66. Bd4 Qc8 67. Kf3 Qf8+ 68. Qf4 Qa3+ 69. Qe3 Qa8+ 70. Kg3 Qb8+ 71. Be5 Qb7
72. Qxh6+ Kg8 73. Qxg7+ 1-0

[Event "chess.com SpeedChess Q2Sw"]
[Site "chess.com INT"]
[Date "2022.11.12"]
[Round "10"]
[White "Demidov, Mikhail"]
[Black "Mikhailov, Viacheslav"]
[Result "1-0"]
[WhiteTitle "GM"]
[BlackTitle "IM"]
[WhiteElo "2568"]
[BlackElo "2428"]
[WhiteFideId "4197143"]
[BlackFideId "4187369"]
[EventDate "2022.11.12"]

1. Nf3 Nf6 2. g3 g6 3. b3 Bg7 4. Bb2 O-O 5. Bg2 d6 6. d4 c5 7. O-O Nc6 8. c4
cxd4 9. Nxd4 Bd7 10. Nc3 Qa5 11. Nc2 Qh5 12. Ne3 Bh3 13. Qd2 Bh6 14. f4 Bxg2 15.
Kxg2 Bg7 16. Rad1 Rad8 17. Ncd5 Ne4 18. Qc2 Bxb2 19. Qxb2 e6 20. g4 Qh6 21. g5
Qh5 22. Rf3 exd5 23. Rh3 Qxh3+ 24. Kxh3 Nf2+ 25. Kg3 Nxd1 26. Nxd1 Rfe8 27. cxd5
Ne7 28. e4 Nc8 29. Nf2 Nb6 30. Ng4 Nd7 31. f5 Ne5 32. Nf6+ Kf8 33. Nxe8 Rxe8 34.
Qa3 Rd8 35. Qxa7 Nd3 36. Qd4 Nc5 37. b4 Nd7 38. a4 Ne5 39. Qb6 Rd7 40. a5 f6 41.
h4 gxf5 42. exf5 Nf7 43. Kf4 Re7 44. b5 Re1 45. Qxb7 Rf1+ 46. Ke3 Kg7 47. a6
Rxf5 48. a7 fxg5 49. hxg5 Re5+ 50. Kd2 Rxg5 51. a8=Q 1-0

[Event "chess.com SpeedChess Q2Sw"]
[Site "chess.com INT"]
[Date "2022.11.12"]
[Round "10"]
[White "Ladan, Nicholas"]
[Black "Vifleemskaia, Svetlana"]
[Result "1-0"]
[BlackTitle "WFM"]
[WhiteElo "2091"]
[BlackElo "1947"]
[WhiteFideId "30918855"]
[BlackFideId "4129490"]
[EventDate "2022.11.12"]

1. d4 Nf6 2. c4 e6 3. g3 Bb4+ 4. Bd2 Qe7 5. Bg2 Nc6 6. Nf3 b6 7. O-O O-O 8. Bf4
Bb7 9. a3 Bd6 10. Bc1 Rab8 11. Nc3 e5 12. d5 Nd8 13. e4 a5 14. Nh4 g6 15. Bg5
Ba6 16. Nb5 Nb7 17. Rc1 Bxb5 18. cxb5 Bc5 19. Rc3 Nd6 20. Re1 Nde8 21. Rf3 Qd6
22. Nf5 gxf5 23. Rxf5 Nxd5 24. Qxd5 Qxd5 25. exd5 f6 26. Bh6 Ng7 27. Rf3 f5 28.
Rxe5 Bd4 29. Re7 Rf7 30. Rxf7 Kxf7 31. Bxg7 Kxg7 32. Rxf5 Bxb2 33. a4 Re8 34. h4
Re1+ 35. Kh2 Ra1 36. Rf4 Bf6 37. Bh3 Rd1 38. Bg2 Rd2 39. Be4 Be5 40. Rg4+ Kf7
41. Bxh7 Rxf2+ 42. Kh3 Rf3 43. h5 Kf6 44. Rg6+ Kf7 45. Bg8+ Ke7 46. h6 Rf1 47.
h7 Rh1+ 48. Kg4 Bf6 49. Kf5 Bd4 50. Rg4 Rf1+ 51. Kg6 Bh8 52. Re4+ Kd6 53. Re8
Rh1 54. Bf7 Be5 55. Rxe5 Kxe5 56. Kg7 Kd6 57. h8=Q 1-0